• 首页
  • 本馆介绍
  • 公告通知
  • 最新文献
  • 馆藏检索
  • 电子资源
  • 读者导购
  • 参考咨询
  • 我的图书馆
  • 登录
  • 详细信息显示
  • 放入我的书架
  • 预约/预借图书
  • 作者相关作品
  • 分类相关作品
  • 丛书相关作品
  • 出版社相关作品

书目信息

  • 表格格式
  • 工作单格式
  • 卡片格式
题名:
后现代女性主义理论研究
    
 
作者: 王淼 著
分册:  
出版信息: 北京   经济科学出版社  2013
页数: 165页
开本: 23cm
丛书名:
单 册:
中图分类: D440 , D440
科图分类:
主题词: 后现代主义--妇女学--研究 , 后现代主义 , 妇女学
电子资源:
ISBN: 978-7-5141-3504-6
000 00976nam0 2200277 450
001 523
005 20140905100018.81
010    @a978-7-5141-3504-6@dCNY38.00
100    @a20140117d2013 kemy0chiy50 ea
101 0  @achi
102    @aCN@b110000
105    @ay z 000yy
106    @ar
200 1  @a后现代女性主义理论研究@AHou Xian Dai Nu^ Xing Zhu Yi Li Lun Yan Jiu@f王淼著@FWang Miao Zhu
210    @a北京@c经济科学出版社@d2013
215    @a165页@d23cm
300    @a中央财经大学学术著作基金资助出版
330    @a本书主要围绕着后现代女性主义理论观点进行哲学分析,进而梳理其实践意义和理论局限性,最后在比较其与马克思主义妇女理论的历史命运的基础上,分析后现代女性主义之后必然会迎来女性主义与马克思主义的重逢的原因。
606 0  @a后现代主义@x妇女学@x研究
606 0  @a后现代主义
606 0  @a妇女学
690    @aD440@v5
690    @aD440@v5
701  0 @a王淼@AWang Miao@c(女,@f1977~)@4著
801  0 @aCN@bTANGWEI@c20140603
905    @b0840446-48@dD440@e30@f3
    
    后现代女性主义理论研究/王淼著.-北京:经济科学出版社,2013
    165页;23cm
    中央财经大学学术著作基金资助出版
    
    ISBN 978-7-5141-3504-6:CNY38.00
    本书主要围绕着后现代女性主义理论观点进行哲学分析,进而梳理其实践意义和理论局限性,最后在比较其与马克思主义妇女理论的历史命运的基础上,分析后现代女性主义之后必然会迎来女性主义与马克思主义的重逢的原因。
●
相关链接 在E读中查询图书 在五车中查询图书 在当当中查询图书 在豆瓣中查询图书


正题名:后现代女性主义理论研究     索取号:D440/30         预约/预借

序号 登录号 条形码 馆藏地/架位号 状态 备注
1 0840446   208404467   第一样本阅览室/ [索取号:D440/30] 在馆    
2 0840447   208404476   第一借阅区/ [索取号:D440/30] 在馆    
3 0840448   208404485   第一借阅区/ [索取号:D440/30] 在馆    
唐山师范学院图书馆 欢迎您!
大连网信软件有限公司© 版权所有